[Event "Hessen-ch Gr-F 62nd"]
[Site "Hanau"]
[Date "2008.03.23"]
[Round "5"]
[White "Jokel, Niklas"]
[Black "Tischer, Roswitha"]
[Result "1-0"]
[WhiteElo "1039"]
[BlackElo "845"]
[PlyCount "71"]
[EventDate "2008.03.21"]
[EventType "swiss"]
[EventRounds "5"]
[EventCountry "GER"]
[SourceTitle "CBM 123 Extra"]
[Source "ChessBase"]
[SourceDate "2008.05.06"]
[SourceVersion "1"]
[SourceVersionDate "2008.05.06"]
[SourceQuality "1"]

1. e4 e5 2. Nf3 Nc6 3. Bc4 Nf6 4. Ng5 d5 5. exd5 Nxd5 6. d4 f6 7. Qf3 Nxd4 8. Qd1 fxg5 9. c3 Nb6 10. cxd4 Nxc4 11. Qa4+ c6 12. Qxc4 Qxd4 13. Qxd4 exd4 14. Bxg5 Bb4+ 15. Bd2 c5 16. Bxb4 cxb4 17. 0-0 0-0 18. Rd1 Rd8 19. h3 b5 20. Nd2 Bb7 21. Nb3 d3 22. Rac1 Bc8 23. Rd2 Bf5 24. g4 Be4 25. Nc5 Rd4 26. Nxe4 Rxe4 27. Rxd3 Rae8 28. Kf1 a5 29. Rd5 Re1+ 30. Rxe1 Kf7 31. Rxe8 Kxe8 32. Rxb5 Kf7 33. Ke2 Kf6 34. f4 a4 35. Rxb4 g5 36. Rb6+ 1-0

[Event "Hessen-ch Gr-F 62nd"]
[Site "Hanau"]
[Date "2008.03.22"]
[Round "3"]
[White "Jokel, Niklas"]
[Black "Tatzel, Marcel"]
[Result "1-0"]
[WhiteElo "1039"]
[BlackElo "713"]
[PlyCount "57"]
[EventDate "2008.03.21"]
[EventType "swiss"]
[EventRounds "5"]
[EventCountry "GER"]
[SourceTitle "CBM 123 Extra"]
[Source "ChessBase"]
[SourceDate "2008.05.06"]
[SourceVersion "1"]
[SourceVersionDate "2008.05.06"]
[SourceQuality "1"]

1. e4 e5 2. Bc4 Nf6 3. Nf3 Nc6 4. Ng5 d5 5. exd5 Nxd5 6. d4 Be6 7. Nxe6 fxe6 8. dxe5 Nxe5 9. Qh5+ g6 10. Qxe5 Bb4+ 11. c3 Rf8 12. cxb4 Nxb4 13. Qxe6+ Qe7 14. Qxe7+ Kxe7 15. Bg5+ Kd7 16. Bb3 Nd3+ 17. Ke2 Nc5 18. Rd1+ Kc6 19. Bd5+ Kb6 20. Be3 Rae8 21. b4 c6 22. Kf1 Rd8 23. Bxc5+ Kb5 24. Nc3+ Ka6 25. Bc4+ b5 26. Bxf8 Rxf8 27. Be2 Rf4 28. Rd6 Kb6 29. Nd5+ 1-0